| Tag |
First Indicator |
Second Indicator |
Subfields |
| LEADER |
00000cam a22000008a 4500 |
| 001 |
in00000077852 |
| 005 |
20151008055037.0 |
| 008 |
810721s1981 nyu b 00000 eng |
| 010 |
|
|
|a 81009300
|
| 020 |
|
|
|a 087332191X
|
| 035 |
|
|
|a (OCoLC)07671916
|
| 035 |
|
|
|9 AAJ2402AM
|
| 040 |
|
|
|a DLC
|c DLC
|d TXA
|d UtOrBLW
|
| 041 |
1 |
|
|a eng
|a chi
|
| 043 |
|
|
|a a-cc---
|
| 049 |
|
|
|a TXAM
|c [1672531]
|
| 050 |
0 |
0 |
|a DS759.5
|b .C527
|
| 082 |
0 |
|
|a 951/.03
|2 19
|
| 245 |
0 |
0 |
|a Chinese perspectives on the Nien rebellion /
|c edited, with an introduction by Elizabeth J. Perry.
|
| 263 |
|
|
|a 8110
|
| 264 |
|
1 |
|a Armonk, N.Y. :
|b M.E. Sharpe,
|c [1981]
|
| 264 |
|
4 |
|c ©1981
|
| 300 |
|
|
|a viii, 139 pages ;
|c 24 cm.
|
| 336 |
|
|
|a text
|b txt
|2 rdacontent
|
| 337 |
|
|
|a unmediated
|b n
|2 rdamedia
|
| 338 |
|
|
|a volume
|b nc
|2 rdacarrier
|
| 500 |
|
|
|a "Translated excerpts of primary and secondary materials"--Pref.
|
| 504 |
|
|
|a Includes bibliographical references.
|
| 651 |
|
0 |
|a China
|x History
|y Nian Rebellion, 1853-1868.
|
| 651 |
|
0 |
|a China
|x History
|y Nian Rebellion, 1853-1868
|x Sources.
|
| 700 |
1 |
|
|a Perry, Elizabeth J.
|
| 999 |
|
|
|a MARS
|
| 999 |
f |
f |
|s 48c3d615-2efc-3a19-ab49-e59ad6691f8c
|i 91349a44-36a2-3d3b-8ff2-22678308d4b9
|t 0
|
| 952 |
f |
f |
|p ric
|a Texas A&M University
|b Rellis Campus
|c Joint Library Facility
|d Remote Storage
|t 0
|e DS759.5 .C527
|h Library of Congress classification
|i unmediated -- volume
|m A14806102247
|
| 998 |
f |
f |
|a DS759.5 .C527
|t 0
|l Remote Storage
|